| 000 | 00492cam a22001337a 4500 | ||
|---|---|---|---|
| 008 | 180718b1982 xxu||||| |||| 00| 0 eng d | ||
| 082 | _aBA27x54 In2u | ||
| 100 | _aNatarajan, Nalini | ||
| 245 |
_aUnder-privileged communities and their responses to development: three developing tribal communities in India, Asia _cby Nalini Natarajan |
||
| 260 |
_aNew Delhi _bIndian Institute of Public Administration _c1982 |
||
| 300 | _a14p. | ||
| 650 | _aTribes and Tribal System - India. | ||
| 700 | _aIIPA | ||
| 999 |
_c475942 _d475942 |
||